00484nam a2200193 a 4500001001300000003000900013005001700022008004100039020001000080082001700090100002500107245002300132260004300155300000900198500003500207505001000242650001300252700002500265nice12345678IN_TiNIC20260116013916.0050524s1932 lona grp 000 0 eng  ac10000a266.023bBRO aBrown, Authur Judson aForeign Missionary aLondonbFleming H Revell Compantc1932 a412p aincludes index and biblioraphy2 aIndex aMissions1 aBrown, Authur Judson